000 00426nam a2200169Ia 4500
005 20250423095740.0
008 250422s9999 xx 000 0 und d
020 _a0- 8162- 5416- 8
050 _aHD 30.27 .M35/
100 _aSpyros Makridakis
245 0 _aInteractive forecasting: unvariate and multivariate methods
250 _a2nd
260 _bHolden- day inc.
260 _c1978
300 _a650 p
942 _cBK
999 _c31216
_d31216